[Event "Belgrade"]
[Site "Belgrade"]
[Date "1992.??.??"]
[Round "4"]
[White "Cramling, Pia"]
[Black "Gaprindashvili, Nona"]
[Result "1-0"]
[WhiteElo "2530"]
[BlackElo "2450"]

1.d4 d6 2.Nf3 g6 3.c4 Bg7 4.Nc3 Nd7 5.e4 e5 6.Be2 c6 7.O-O f6 8.Rb1 Nh6 9.b4 O-O
10.c5 dxc5 11.dxc5 Nf7 12.Qb3 Qe7 13.Bc4 Re8 14.Be3 Nf8 15.b5 Be6 16.Nd5 Qd8
17.bxc6 bxc6 18.Nb4 Bxc4 19.Qxc4 Qc8 20.Qa6 Qxa6 21.Nxa6 Re7 22.Nd2 Ne6 23.Nb3 Rc8
24.Na5 f5 25.f3 Bh6 26.Bxh6 Nxh6 27.Rfe1 Nf7 28.Rb7 Rxb7 29.Nxb7 Nc7 30.Nxc7 Rxc7
31.Na5 Kg7 32.Kf2 Kf6 33.Rd1 Ke6 34.Ke3 f4+ 35.Ke2 Rd7 36.Rb1 Nd8 37.Rb8 Rd4
38.Nb3 Rd7 39.Rc8 Kf7 40.Ke1 Ke7 41.Na5 Rd3 42.Rc7+ Kf6 43.Rxa7 Rc3 44.Nb3 Rc2
45.Rd7 Ne6 46.Rd2 Rc4 47.Rd6 Rc2 48.Rxc6 Rxa2 49.Rb6 Rxg2 50.Nd2 Ke7 51.Rb7+ Kd8
52.c6 Nd4 53.Rd7+ Kc8 54.Rxh7 Nxc6 55.Nc4 Rc2 56.Nd6+ Kd8 57.h4 Rh2 58.Kf1 Rd2
59.Nf7+ Ke8 60.Ng5 Kf8 61.Rf7+ Ke8 62.Rf6 Ne7 63.h5 gxh5 64.Re6 Rd1+ 65.Kf2 Rd2+
66.Kf1 Rd1+ 67.Ke2 Rg1 68.Rxe5 h4 69.Kf2 Rg3 70.Ne6 Nc6 71.Rc5 Nd8 72.Nxf4 Nf7
73.Ng2 Rh3 74.Rh5  1-0

[Event "Belgrade"]
[Site "Belgrade"]
[Date "1992.??.??"]
[Round "5"]
[White "Gaprindashvili, Nona"]
[Black "Maric, Mirjana"]
[Result "1-0"]
[WhiteElo "2450"]
[BlackElo "2265"]

1.d4 Nf6 2.c4 e6 3.Nc3 Bb4 4.Nf3 b6 5.g3 Bxc3+ 6.bxc3 Bb7 7.Bg2 O-O 8.O-O d6
9.a4 a5 10.Qc2 Be4 11.Qb3 Nbd7 12.Bh3 Re8 13.Nd2 Bb7 14.f3 e5 15.e4 Rb8 16.Nb1 Nf8
17.Na3 h6 18.Be3 Qe7 19.Rae1 Ne6 20.Nb5 Bc8 21.Bg2 c6 22.Na3 c5 23.d5 Ng5
24.Qc2 Bd7 25.Rb1 Rb7 26.Rb2 Reb8 27.Rfb1 Ne8 28.Nb5 f6 29.Qd3 Nf7 30.Qc2 Qd8
31.f4 Qc8 32.f5 Kf8 33.Bf3 Nc7 34.Na3 Qe8 35.Bd1 Ke7 36.h4 Qg8 37.Bh5 Qe8
38.Qe2 Bxa4 39.Nb5 Bxb5 40.cxb5 Qf8 41.Qd3 Kd7 42.Rg2 Qe7 43.Kf2 Rh8 44.Ke2 Rbb8
45.Kd2 Rbf8 46.Kc2 Nd8 47.Bxc5 dxc5 48.d6 Qxd6 49.Qxd6+ Kxd6 50.Rd2+ Nd5
51.Rxd5+ Kc7 52.Rbd1 Nb7 53.Rd7+ Kc8 54.Rxg7 Rd8 55.Bf7 Rxd1 56.Kxd1 Nd6
57.Kc2 Nxf7 58.Rxf7 Rg8 59.Rxf6 Rxg3 60.Rxb6 Rg4 61.Rxh6 Rxe4 62.Rc6+ Kd7
63.Rxc5 Rxh4 64.Rxe5 Kd6 65.Re6+ Kd5 66.b6 Rh7 67.Kb3 Rf7 68.c4+ Kc5 69.Ka4 Kxc4
70.Kxa5 Kd5 71.Re3 Rf6 72.b7 Rf8 73.Rf3  1-0

[Event "Belgrade"]
[Site "Belgrade"]
[Date "1992.??.??"]
[Round "6"]
[White "Gaprindashvili, Nona"]
[Black "Bojkovic, Natasa"]
[Result "1/2-1/2"]
[WhiteElo "2450"]
[BlackElo "2330"]

1.d4 Nf6 2.c4 e6 3.Nc3 Bb4 4.Nf3 c5 5.g3 cxd4 6.Nxd4 O-O 7.Bg2 d5 8.Qb3 Bxc3+
9.Qxc3 e5 10.Nb3 Nc6 11.cxd5 Nxd5 12.Qc5 Be6 13.Bd2 a5 14.Qb5 Nc7 15.Qb6 Bd5
16.f3 Ra6 17.Qe3 Ne6 18.Rd1 Qe7 19.Bc3 Bxb3 20.axb3 Nc5 21.O-O Nxb3 22.Rd5 Qe6
23.Rb5 Nbd4 24.Bxd4 Nxd4 25.Rxe5 Qd6 26.f4 Nc6 27.Rb5 Rb8 28.Bd5 h6 29.Rd1 Qf6
30.Bc4 Rd8 31.Rxd8+ Nxd8 32.Qe8+ Kh7 33.Bd3+ g6 34.Rd5 Rd6 35.Re5 Re6 36.Qd7 Rxe5
37.fxe5 Qb6+ 38.Kf1 Kg7 39.Qe7 Ne6 40.Bc4 Qc6 41.Bxe6 Qxe6 42.Qxb7 Qxe5 43.Qb3 Kg8  1/2-1/2

[Event "Belgrade"]
[Site "Belgrade"]
[Date "1992.??.??"]
[Round "8"]
[White "Gaprindashvili, Nona"]
[Black "Arakhamia, Ketevan"]
[Result "1-0"]
[WhiteElo "2450"]
[BlackElo "2445"]

1.d4 d5 2.c4 c6 3.cxd5 cxd5 4.Nc3 e5 5.dxe5 d4 6.Ne4 Qa5+ 7.Nd2 Nc6 8.Nf3 Bg4
9.h3 Bxf3 10.gxf3 Qxe5 11.Bg2 O-O-O 12.a3 g5 13.Kf1 Nge7 14.f4 gxf4 15.Nf3 Qf6
16.Qd3 Nd5 17.Bd2 Kb8 18.Rc1 Rg8 19.Rg1 Ne3+ 20.fxe3 dxe3 21.Bc3 Qe6 22.Qb5 Rd5
23.Qa4 Qd6 24.Qb3 Be7 25.Be1 Bf6 26.Nh2 f3 27.Nxf3 Rf5 28.Rd1 Qe7 29.Rd5 Rf4
30.Qd3 Ne5 31.Qxe3 Nxf3 32.Qxf4+ Ne5 33.Bg3 Rg5 34.h4 Rg4 35.Qxg4  1-0

[Event "Helsinki op"]
[Site "Helsinki"]
[Date "1992.??.??"]
[Round "1"]
[White "Ehlvest, Jaan"]
[Black "Gaprindashvili, Nona"]
[Result "1-0"]
[WhiteElo "2635"]
[BlackElo "2435"]

1.d4 g6 2.e4 Bg7 3.Nc3 d6 4.Be3 a6 5.Qd2 e6 6.h4 h6 7.f3 Nd7 8.Nge2 b5 9.g4 c5
10.Bg2 Bb7 11.Rd1 Ne7 12.O-O Qc7 13.Nc1 Nb6 14.b3 cxd4 15.Bxd4 e5 16.Bf2 d5
17.Nd3 O-O 18.Bc5 Rfe8 19.Qf2 d4 20.Nb1 Nd7 21.Ba3 a5 22.Rc1 b4 23.Bb2 Nc6
24.Nd2 Ba6 25.g5 Nf8 26.Nc4 hxg5 27.hxg5 Bxc4 28.bxc4 Ne6 29.f4 exf4 30.Nxf4 Nxf4
31.Qxf4 Qxf4 32.Rxf4 Re5 33.Rg4 Rae8 34.Rd1 Rc5 35.Bf1 Ne5 36.Rg3 Nxc4 37.Bxd4 Bxd4+
38.Rxd4 Na3 39.Bd3 Ree5 40.Kf2 Nxc2 41.Rd8+ Kg7 42.Rd7 Kf8 43.Rh3 Rc3 44.Rh7 Rxd3
45.Rxd3 Kg8 46.Rh4 a4 47.Rd8+ Kg7 48.Rd7 Rxg5 49.Rf4 Rb5 50.Rfxf7+ Kh6 51.Rb7 Rxb7
52.Rxb7 Kg5 53.Kg3 Kf6 54.Rb5 g5 55.Rf5+ Kg6 56.Re5 b3 57.axb3 axb3 58.Re6+ Kf7
59.Rb6 Nd4 60.Kg4 b2 61.Kxg5  1-0

[Event "Manila ol (Women)"]
[Site "Manila"]
[Date "1992.??.??"]
[Round "?"]
[White "Litinskaya, Marta I"]
[Black "Gaprindashvili, Nona"]
[Result "1-0"]
[WhiteElo "2370"]
[BlackElo "2450"]

1.d4 d6 2.Nf3 g6 3.c4 Bg7 4.Nc3 Nd7 5.e4 e5 6.Be2 c6 7.O-O f6 8.Rb1 Nh6 9.b4 O-O
10.c5 dxc5 11.dxc5 Qe7 12.Qb3+ Nf7 13.Be3 Re8 14.Bc4 Nf8 15.b5 Qc7 16.bxc6 bxc6
17.Qa4 Be6 18.Nd2 Red8 19.Ba6 Rab8 20.Rxb8 Rxb8 21.Rb1 Rxb1+ 22.Ncxb1 Bh6
23.Bxh6 Nxh6 24.Nb3 Nf7 25.N1d2 Nd7 26.Qb4 Nd8 27.h4 Kg7 28.a3 Bf7 29.Na5 Ne6
30.Ndb3 Nf4 31.g3 Ne6 32.Nb7 Kf8 33.Nd6 Bg8 34.Bc4 Ke7 35.Nb7 Bf7 36.Nd6 Bg8
37.Na5 Nb8 38.Qxb8 Qxb8 39.Nxc6+ Kf8 40.Nxb8 Nxc5 41.Bxg8 Kxg8  1-0

[Event "Manila ol (Women)"]
[Site "Manila"]
[Date "1992.??.??"]
[Round "?"]
[White "Gaprindashvili, Nona"]
[Black "Ostry, Irina"]
[Result "1-0"]
[WhiteElo "2450"]
[BlackElo "2220"]

1.d4 Nf6 2.c4 g6 3.Nc3 Bg7 4.e4 d6 5.Be2 O-O 6.Bg5 Nbd7 7.f3 c6 8.Qd2 a6
9.Nh3 b5 10.Nf2 bxc4 11.Bxc4 d5 12.Be2 Nb6 13.Rd1 Ne8 14.O-O f6 15.Be3 Be6
16.b3 Bf7 17.Nd3 Nc7 18.Nc5 Nd7 19.Nxd7 Qxd7 20.Na4 Qd8 21.Rc1 Be8 22.Nc5 Kh8
23.Rfd1 Qd6 24.Nb7 Qe6 25.Bf4 Qc8 26.Na5 Ne6 27.exd5 Nxf4 28.Qxf4 Qd8 29.Nxc6 Qxd5
30.Nxe7 Qa5 31.a4 Qb4 32.Qe3 Bf7 33.Bc4 Rfe8 34.Re1 Bf8 35.Bxf7 Rxe7 36.Be6 Rb8
37.Qf4 Kg7 38.Re4 Reb7 39.Rc6 Qa3 40.h4 Be7 41.Bc4 Rd8 42.Rxa6 Rbd7 43.Rae6 Rf8
44.Qe3 Bd6 45.Rxd6 Qxd6 46.d5 Qa3 47.Re6 Rd6 48.Re7+ Rf7 49.Re8 Qb2 50.Kh2 Qa3
51.Kh3 Qa1 52.Qf4 Rfd7 53.Kg3 Qa3 54.Kh3 Qb4 55.h5 g5 56.Qf5 Qc3 57.Qe4 Rf7
58.Re7 Qc1 59.h6+ Kg8 60.Re8+ Rf8 61.Re7 f5 62.Qd4 Rff6 63.Kg3 Kf8 64.Re2 Kf7
65.Kf2 Kg6 66.a5 g4 67.fxg4 fxg4+ 68.Kg3 Qxh6 69.Qe4+ Kg7 70.Qe5 Kg8 71.a6 Qg7
72.Re4 Kf8 73.Qxd6+  1-0

[Event "Manila ol (Women)"]
[Site "Manila"]
[Date "1992.??.??"]
[Round "?"]
[White "Tungalag, Nyamaa"]
[Black "Gaprindashvili, Nona"]
[Result "0-1"]
[WhiteElo "2080"]
[BlackElo "2450"]

1.e4 b6 2.g3 Bb7 3.Bg2 f5 4.Nc3 g6 5.f3 Nh6 6.d3 e6 7.Be3 Bg7 8.Qd2 Nf7 9.h4 Nc6
10.Nge2 Nce5 11.O-O-O fxe4 12.Nxe4 Qe7 13.N2c3 O-O-O 14.Kb1 h6 15.Qe2 d5
16.d4 Nc6 17.Nf2 Nd6 18.Rhe1 Nf5 19.Nh1 Ncxd4 20.Qd3 Nxe3 21.Rxe3 Qf7 22.Bh3 Kb8
23.Ne2 Nxe2 24.Bxe6 Qf6 25.c3 d4 26.Rxe2 dxc3 27.Qc2 Rxd1+  0-1

[Event "Manila ol (Women)"]
[Site "Manila"]
[Date "1992.??.??"]
[Round "?"]
[White "Gaprindashvili, Nona"]
[Black "Nutu Gajic, Dana"]
[Result "0-1"]
[WhiteElo "2325"]
[BlackElo "2450"]

1.d4 d5 2.c4 dxc4 3.Nf3 Nf6 4.Nc3 c6 5.e4 b5 6.e5 Nd5 7.a4 e6 8.Ng5 Bb4 9.Qh5 g6
10.Qf3 f6 11.exf6 Qxf6 12.Qxf6 Nxf6 13.Bd2 O-O 14.Be2 Nd5 15.O-O Bxc3 16.bxc3 Nd7
17.axb5 cxb5 18.Rfb1 a6 19.Nxe6 Re8 20.Bf3 N7b6 21.Nc5 Bf5 22.Rb2 b4 23.Na4 b3
24.Nxb6 Nxb6 25.Bxa8 Rxa8 26.Ra5 Bd7 27.Rb1 Bf5 28.Rb2 Bd7 29.Rb1 Na4 30.f3 Re8
31.Rxa6 Re2 32.Rxa4 Bxa4 33.Rb2 Bd7 34.Kf1 Re8 35.Bc1 Bf5 36.Rd2 Bd3+ 37.Kf2 Kf7
38.Rb2 Bc2 39.g4 Ke6 40.Ke3 Kd5+ 41.Kd2 Re6 42.h4 h5 43.g5 Re8 44.Rxc2 bxc2
45.Ba3 Re6 46.Bc1 Re7 47.Ba3 Rf7 48.Ke3 Ra7 49.Bc1 Ra2 50.f4 Kd6 51.f5 gxf5
52.g6 Ke6 53.d5+ Kxd5 54.Kf4 Ke6 55.Kg5 Ra1 56.g7 Kf7 57.Kh6 Kg8  0-1

[Event "Manila ol (Women)"]
[Site "Manila"]
[Date "1992.??.??"]
[Round "?"]
[White "Gaprindashvili, Nona"]
[Black "Brustman, Agnieszka"]
[Result "1/2-1/2"]
[WhiteElo "2450"]
[BlackElo "2325"]

1.d4 Nf6 2.c4 g6 3.Nc3 Bg7 4.e4 d6 5.Be2 O-O 6.Bg5 c5 7.d5 h6 8.Bf4 e6 9.dxe6 Bxe6
10.Qd2 Qb6 11.Bxh6 Bxh6 12.Qxh6 Qxb2 13.Rc1 Nc6 14.h4 Nb4 15.Qd2 Qxd2+ 16.Kxd2 a6
17.Nh3 b5 18.Nf4 bxc4 19.f3 d5 20.exd5 Bxd5 21.Nfxd5 Nfxd5 22.Nxd5 Rad8 23.Bxc4 Nxd5
24.Ke2 Nf4+ 25.Kf2 Rd2+ 26.Ke3 Rd4 27.Kf2 Rb8 28.Rc2 Nd3+ 29.Bxd3 Rxd3 30.h5 c4
31.Rxc4 Rd2+ 32.Kg3 Rbb2 33.Rh2 gxh5 34.a4 Ra2 35.Rxh5  1/2-1/2

[Event "Manila ol (Women)"]
[Site "Manila"]
[Date "1992.??.??"]
[Round "?"]
[White "Gaprindashvili, Nona"]
[Black "Akhmilovskaya, Elena"]
[Result "1-0"]
[WhiteElo "2450"]
[BlackElo "2405"]

1.d4 Nf6 2.c4 e6 3.Nc3 Bb4 4.Nf3 b6 5.g3 Bxc3+ 6.bxc3 Bb7 7.Bg2 O-O 8.O-O Re8
9.Re1 d6 10.a4 a5 11.Qc2 Be4 12.Qb3 e5 13.Ba3 Nc6 14.Rad1 Rb8 15.Bh3 h6 16.Nh4 Bh7
17.f3 e4 18.Ng2 Ne7 19.Ne3 c6 20.d5 c5 21.f4 Nd7 22.f5 Kh8 23.Rf1 Ng8 24.Bc1 Ngf6
25.Bd2 Ne5 26.Rf4 Ned7 27.Bg2 Ne5 28.Rdf1 Ned7 29.Qc2 Re5 30.g4 Qe7 31.Be1 g5
32.fxg6 fxg6 33.Bg3 Re8 34.R4f2 Kg7 35.Bf4 Rg5 36.h3 Re5 37.Qc1 g5 38.Bxe5 Qxe5
39.Nd1 Qg3 40.Qe3 Qe5 41.Nb2 Bg6 42.Nd1 Rf8 43.Qc1 Nh7 44.Rxf8 Nhxf8 45.Qe3 Nf6
46.Nf2 N8d7 47.Nh1 Qe7 48.Ng3 Ne5 49.Qc1 Nxc4 50.Nf5+ Bxf5 51.Rxf5 Qe8 52.h4 Nxg4
53.hxg5 Nce3 54.gxh6+ Kg6 55.Rf4 Qe5 56.Bxe4+ Kh5 57.h7  1-0

[Event "Reggio Emilia9192-B"]
[Site "Reggio Emilia"]
[Date "1992.??.??"]
[Round "2"]
[White "Landenbergue, Claude"]
[Black "Gaprindashvili, Nona"]
[Result "0-1"]
[WhiteElo "2415"]
[BlackElo "2425"]

1.d4 d6 2.e4 g6 3.Nc3 Bg7 4.Be3 c6 5.Qd2 b5 6.a3 Nd7 7.f4 Ngf6 8.h3 Nb6 9.Nf3 O-O
10.Bd3 Nc4 11.Bxc4 bxc4 12.O-O Rb8 13.Rab1 d5 14.Ne5 Qe8 15.f5 Nxe4 16.Nxe4 dxe4
17.fxg6 hxg6 18.Bh6 f6 19.Bxg7 Kxg7 20.Nxc4 Ba6 21.b3 Qd7 22.Qc3 Rfd8 23.Rbd1 Bxc4
24.Qxc4 Rb5 25.Qe2 f5 26.b4 Rd5 27.c3 e5 28.g4 exd4 29.gxf5 gxf5 30.Kh1 Rh8
31.Qg2+ Kf6 32.Qxe4 Rxh3+ 33.Kg2 Rh5 34.Qf3 Qg7+  0-1

[Event "Reggio Emilia9192-B"]
[Site "Reggio Emilia"]
[Date "1992.??.??"]
[Round "3"]
[White "Gaprindashvili, Nona"]
[Black "Arlandi, Ennio"]
[Result "0-1"]
[WhiteElo "2425"]
[BlackElo "2420"]

1.d4 d5 2.c4 e6 3.Nf3 Nf6 4.Nc3 Be7 5.Bg5 O-O 6.e3 h6 7.Bh4 b6 8.Rc1 Bb7
9.Bxf6 Bxf6 10.cxd5 exd5 11.g3 Re8 12.Bg2 Na6 13.O-O g6 14.Qa4 Bg7 15.b4 c5
16.bxc5 bxc5 17.Rb1 Qc8 18.Qa5 Rd8 19.Rfc1 Rd7 20.Bf1 c4 21.Bh3 f5 22.Nh4 Rd6
23.Rb5 Bc6 24.Nxd5 Qd7 25.Nc3 Bxb5 26.Nxb5 Rb6 27.a4 Rc8 28.Bf1 g5 29.Nf3 f4
30.Rxc4 fxe3 31.fxe3 Rbc6 32.Nd2 Kh8 33.Rxc6 Rxc6 34.Nxa7 Rf6 35.Nb5 Qf5
36.Qc3 Qf2+ 37.Kh1 Qe1 38.Kg1 Rf2 39.Qc8+ Rf8 40.Qc3 Nc5 41.Qxc5 Qxe3+ 42.Kh1 Qxd2
43.Qc4 Qe1 44.Kg2 Qf2+ 45.Kh3 g4+ 46.Kh4 Qf6+ 47.Kxg4 Qf5+  0-1

[Event "Reggio Emilia9192-B"]
[Site "Reggio Emilia"]
[Date "1992.??.??"]
[Round "6"]
[White "Mantovani, Renzo"]
[Black "Gaprindashvili, Nona"]
[Result "0-1"]
[WhiteElo "2370"]
[BlackElo "2425"]

1.e4 g6 2.d4 c6 3.Nc3 d5 4.Nf3 Bg7 5.h3 Nh6 6.Be2 f6 7.O-O O-O 8.Re1 Nf7
9.Bf1 e6 10.Bf4 e5 11.dxe5 fxe5 12.Bg3 d4 13.Ne2 Be6 14.Nc1 c5 15.Nd3 Nd7
16.b3 b5 17.a4 a6 18.Qc1 Re8 19.axb5 axb5 20.Qb2 Qe7 21.Rxa8 Rxa8 22.Ra1 Qd8
23.Be2 Qc8 24.Nde1 c4 25.bxc4 bxc4 26.c3 Rxa1 27.Qxa1 Nc5 28.Nd2 Nb3 29.Qb2 Nxd2
30.Qxd2 Nd6 31.Bf3 Nb5 32.Qg5 Nd6 33.Qe7 Nf7 34.Bg4 Bxg4 35.hxg4 dxc3 36.Qb4 Qc6
37.f3 Bf8 38.Qxc3 Bc5+ 39.Bf2 Qb6 40.Bxc5 Qxc5+ 41.Kf1 Nd6 42.Nc2 Kf7 43.g5 Ke6
44.Ke2 Nb5 45.Qa5 Kd7 46.Kf1 c3 47.Qa2 Ke7 48.Qg8 Kd6 49.Qf8+ Kc6 50.Nb4+ Kb6
51.Nd5+ Kc6 52.Qc8+ Kd6 53.Qd8+ Kc6 54.Qc8+ Kd6 55.Qf8+ Kc6 56.Qc8+ Kd6 57.Qb8+ Kc6
58.Qc8+ Kd6 59.Qd8+ Kc6 60.Qc8+ Kd6 61.Qf8+ Kc6 62.Qe8+ Kb7 63.Qd7+ Ka6 64.Nxc3 Nxc3
65.Qxh7 Qd6 66.Qg8 Kb6 67.Qc8 Nb5 68.Ke2 Nd4+ 69.Kf2 Nc6 70.Kg3 Qe7 71.Kg4 Qf7
72.Kh3 Qh7+ 73.Kg3 Qh5 74.Qg4 Qxg4+ 75.Kxg4 Kc5 76.Kg3 Kd4 77.Kg4 Ke3 78.Kg3 Nd4
79.Kg4 Ne2 80.g3 Nd4 81.f4 Kxe4  0-1

[Event "Reggio Emilia9192-B"]
[Site "Reggio Emilia"]
[Date "1992.??.??"]
[Round "7"]
[White "Gaprindashvili, Nona"]
[Black "Gavrikov, Viktor"]
[Result "1/2-1/2"]
[WhiteElo "2425"]
[BlackElo "2585"]

1.d4 d5 2.c4 c6 3.cxd5 cxd5 4.Nf3 Nf6 5.Nc3 Nc6 6.Bf4 a6 7.e3 Bg4 8.Be2 e6
9.O-O Be7 10.Ne5 Bxe2  1/2-1/2

[Event "Reggio Emilia9192-B"]
[Site "Reggio Emilia"]
[Date "1992.??.??"]
[Round "8"]
[White "Borgo, Giulio"]
[Black "Gaprindashvili, Nona"]
[Result "0-1"]
[WhiteElo "2340"]
[BlackElo "2425"]

1.e4 g6 2.d4 Bg7 3.c4 d6 4.Nc3 Nd7 5.Be3 e5 6.d5 Nh6 7.f3 f5 8.Nh3 Nf7 9.Qd2 O-O
10.O-O-O Nf6 11.exf5 gxf5 12.Qc2 c5 13.Nf2 Bd7 14.Be2 a6 15.g4 e4 16.gxf5 exf3
17.Bxf3 b5 18.Rhg1 Kh8 19.Rdf1 Rb8 20.Ng4 bxc4 21.Bd2 Nxg4 22.Bxg4 Bd4 23.Rg3 Qh4
24.Be2 Qxh2 25.Rg4 Rfe8 26.Bf4 Qh3 27.Rg3 Qxf1+ 28.Bxf1 Re1+ 29.Kd2 Rxf1
30.Be3 Bxf5 31.Ne4 Bxe4  0-1

[Event "Reggio Emilia9192-B"]
[Site "Reggio Emilia"]
[Date "1992.??.??"]
[Round "9"]
[White "Gaprindashvili, Nona"]
[Black "Cebalo, Miso"]
[Result "0-1"]
[WhiteElo "2425"]
[BlackElo "2525"]

1.d4 Nf6 2.c4 d6 3.Nc3 g6 4.e4 Bg7 5.Be2 O-O 6.Bg5 Nbd7 7.f3 c5 8.d5 a6 9.a4 Re8
10.Nh3 Rb8 11.O-O Nf8 12.Nf2 h6 13.Bd2 e5 14.Qc1 Kh7 15.a5 N8d7 16.Qc2 Nh5
17.g3 Bf6 18.f4 Ng7 19.Ng4 exf4 20.Nxf6+ Qxf6 21.gxf4 Qd4+ 22.Rf2 Nf6 23.Bf3 Ng4
24.Bxg4 Bxg4 25.b3 f5 26.e5 dxe5 27.fxe5 Rbd8 28.Bf4 Nh5 29.Bc1 Rxe5 30.Qd2 f4
31.Qxd4 cxd4 32.Na4 Re1+ 33.Rf1 Rde8 34.Bb2 Rxa1 35.Bxa1 d3 36.Bc3 Be2 37.Nc5 Bxf1
38.Kxf1 f3 39.d6 Nf6 40.Kf2 d2 41.Bxd2 Re2+ 42.Kxf3 Rxd2 43.Nxb7 Rd3+ 44.Kf4 Rxb3
45.Nc5 Rc3 46.Ke5 Rxc4 47.Nxa6 Kg7  0-1

[Event "Reggio Emilia9192-B"]
[Site "Reggio Emilia"]
[Date "1992.??.??"]
[Round "10"]
[White "Bukal, Vladimir Sr"]
[Black "Gaprindashvili, Nona"]
[Result "0-1"]
[WhiteElo "2405"]
[BlackElo "2425"]

1.c4 e5 2.Nc3 d6 3.Nf3 g6 4.d4 Nd7 5.e4 Bg7 6.Be2 c6 7.O-O f6 8.b3 Nh6 9.Ba3 Nf7
10.Qc2 O-O 11.dxe5 fxe5 12.Rad1 Qf6 13.Na4 b6 14.b4 Re8 15.b5 c5 16.Nc3 Nf8
17.Nd5 Qd8 18.Bb2 Ne6 19.a4 a5 20.Ne1 Nd4 21.Bxd4 cxd4 22.h3 Bb7 23.Qb1 Ng5
24.Rc1 Bh6 25.Rd1 Rc8 26.h4 Ne6 27.Nd3 Qxh4 28.Nxb6 Bxe4 29.Qa2 Nf4 30.f3 Nxd3
31.Bxd3 Be3+ 32.Rf2 Bxd3 33.Nxc8 Rxc8 34.Rxd3 Qxf2+ 35.Qxf2 Bxf2+ 36.Kxf2 Kf7
37.Rb3 Rxc4 38.b6 Rc8 39.Ke2 Ke6 40.Kd3 Kd7 41.f4 Rc3+  0-1

[Event "Reggio Emilia9192-B"]
[Site "Reggio Emilia"]
[Date "1992.??.??"]
[Round "11"]
[White "Gaprindashvili, Nona"]
[Black "Kapengut, Albert Z"]
[Result "1-0"]
[WhiteElo "2425"]
[BlackElo "2450"]

1.d4 Nf6 2.c4 c5 3.d5 e6 4.Nf3 exd5 5.cxd5 g6 6.Nc3 Bg7 7.e4 O-O 8.Be2 d6
9.O-O Re8 10.Nd2 Na6 11.f3 Nc7 12.a4 b6 13.Nc4 Ba6 14.Bg5 h6 15.Be3 Rb8 16.Re1 Qd7
17.Qd2 Kh7 18.e5 dxe5 19.d6 Na8 20.Nxe5 Rxe5 21.Bxa6 Ne8 22.Bf4 Rxe1+ 23.Rxe1 Bd4+
24.Kh1 Nxd6 25.Nb5 Nc7 26.Bxd6 Nxa6 27.Re7 Qf5 28.Nxd4 cxd4 29.Bxb8 Nxb8
30.Rc7 Na6 31.Re7 Nc5 32.Qxd4 Ne6 33.Qe4 Qg5 34.Qxe6  1-0

[Event "Candidats (Women) Tournament"]
[Site "Shanghai"]
[Date "1992.??.??"]
[Round "1"]
[White "Gaprindashvili, Nona"]
[Black "Ioseliani, Nana"]
[Result "0-1"]
[WhiteElo "2435"]
[BlackElo "2445"]

1.d4 Nf6 2.c4 e6 3.Nc3 Bb4 4.e3 O-O 5.Ne2 d5 6.cxd5 exd5 7.g3 c6 8.Bg2 Re8
9.O-O Bd6 10.Qd3 b6 11.Rd1 Na6 12.Bd2 Nc7 13.Rac1 Qe7 14.Qb1 g6 15.f3 c5
16.a3 h5 17.Re1 Ne6 18.dxc5 bxc5 19.e4 dxe4 20.Nxe4 Nxe4 21.Qxe4 Bb7 22.Qc4 Qd7
23.Rcd1 Qc6 24.Nc3 Bf8 25.Ne4 Bg7 26.Bc3 Ba6 27.Qa2 Nd4 28.f4 Rad8 29.Ng5 Qc7
30.Kf2 Rxe1 31.Rxe1 c4 32.Qb1 Qb6 33.Kf1 Nb3 34.Qc2 Rd2 35.Re8+ Bf8 36.Rxf8+ Kxf8
37.Nh7+ Kg8 38.Nf6+ Kf8 39.Qxd2 Nxd2+ 40.Bxd2 Qxf6  0-1

[Event "Candidats (Women) Tournament"]
[Site "Shanghai"]
[Date "1992.??.??"]
[Round "4"]
[White "Levitina, Irina S"]
[Black "Gaprindashvili, Nona"]
[Result "1-0"]
[WhiteElo "2415"]
[BlackElo "2435"]

1.d4 d5 2.Nf3 e6 3.c4 Nf6 4.g3 Be7 5.Bg2 O-O 6.O-O dxc4 7.Na3 Bxa3 8.bxa3 Nc6
9.Bb2 Nd5 10.Rc1 Nb6 11.e3 Qd6 12.Qc2 Bd7 13.Nd2 e5 14.Nxc4 Nxc4 15.Qxc4 exd4
16.exd4 Rac8 17.d5 Ne5 18.Qd4 f6 19.f4 Nf7 20.Qxa7 Rfe8 21.Qf2 Re7 22.Rfe1 Rce8
23.Rxe7 Rxe7 24.h3 Bf5 25.Re1 Rxe1+ 26.Qxe1 Qb6+ 27.Kh2 Nd6 28.Qe2 Qc5 29.a4 b6
30.a3 Qc2 31.Qxc2 Bxc2 32.a5 bxa5 33.Bc3 a4 34.Ba5 Ne8 35.Kg1 Kf7 36.Kf2 Ke7
37.Ke3 Kd7 38.h4 Nd6 39.Bh3+ f5 40.Bf1 Bb3 41.Kd4 c6 42.dxc6+ Kxc6 43.Bb4 Ne4
44.g4 Bc2 45.g5 g6 46.Be2 Bb3 47.h5 Kd7 48.Ke5 Ke8 49.h6 Kf7 50.Bb5 Nf2 51.Kd6 Ne4+
52.Kc6 Ke6 53.Kb6 Nf2 54.Be8 Nd3 55.Bd2 Ke7 56.Bxg6  1-0

[Event "Candidats (Women) Tournament"]
[Site "Shanghai"]
[Date "1992.??.??"]
[Round "8"]
[White "Gaprindashvili, Nona"]
[Black "Polgar, Zsuzsa"]
[Result "0-1"]
[WhiteElo "2435"]
[BlackElo "2540"]

1.d4 d5 2.c4 dxc4 3.Nf3 Nf6 4.Nc3 c6 5.e4 b5 6.e5 Nd5 7.a4 Bf5 8.Be2 b4 9.Nh4 bxc3
10.Nxf5 e6 11.Ng3 cxb2 12.Bxb2 Bb4+ 13.Kf1 c3 14.Bc1 O-O 15.Ne4 Nd7 16.Bd3 f5
17.exf6 N7xf6 18.Ng5 Qd6 19.Qc2 h6 20.h4 hxg5 21.hxg5 Ng4 22.Bh7+ Kf7 23.Qe4 Nxf2
24.Kxf2 Ke7+ 25.Ke2 Qg3  0-1

[Event "Candidats (Women) Tournament"]
[Site "Shanghai"]
[Date "1992.??.??"]
[Round "9"]
[White "Wang Pin"]
[Black "Gaprindashvili, Nona"]
[Result "1-0"]
[WhiteElo "2345"]
[BlackElo "2435"]

1.e4 g6 2.d4 Bg7 3.Nc3 d6 4.f4 Nf6 5.Nf3 O-O 6.Bd3 Na6 7.O-O c5 8.d5 Nb4
9.Bc4 e6 10.dxe6 Bxe6 11.Bxe6 fxe6 12.Kh1 d5 13.e5 Ne8 14.Ne2 Nc7 15.c3 Nc6
16.Be3 b6 17.a4 Qe7 18.Qe1 Rad8 19.Qg3 Rd7 20.Rfd1 Na5 21.Rab1 Nb3 22.Bg1 Qe8
23.Nd2 Nxd2 24.Rxd2 Rdf7 25.a5 Qa4 26.axb6 axb6 27.b4 Na6 28.Rdd1 Rc7 29.Qd3 Nb8
30.bxc5 bxc5 31.Rb6 Re8 32.Rdb1 Nd7 33.R6b5 Bf8 34.Qd2 Ra7 35.Be3 Qc4 36.Rb7 Ra2
37.R1b2 Ra1+ 38.Bg1 Rd8 39.f5 exf5 40.e6 Nf6 41.e7 Bxe7 42.Rxe7 Rd7 43.Rb8+  1-0

[Event "Candidats (Women) Tournament"]
[Site "Shanghai"]
[Date "1992.??.??"]
[Round "12"]
[White "Maric, Alisa"]
[Black "Gaprindashvili, Nona"]
[Result "0-1"]
[WhiteElo "2390"]
[BlackElo "2435"]

1.d4 d6 2.Nf3 g6 3.c4 Bg7 4.Nc3 Nd7 5.e4 e5 6.Be2 c6 7.O-O f6 8.Rb1 Nh6 9.b4 O-O
10.c5 dxc5 11.dxc5 Qe7 12.Qb3+ Kh8 13.Bc4 a5 14.a3 axb4 15.axb4 b6 16.Ba3 bxc5
17.bxc5 Ba6 18.Bxa6 Rxa6 19.Bb4 Rfa8 20.Qc4 Bf8 21.Nd1 Nf7 22.Nd2 Ng5 23.Nb3 Qe6
24.Qc2 Rb8 25.Nd2 Ra2 26.Qc1 Ra4 27.Qc3 Bxc5 28.Bxc5 Rxb1 29.Nxb1 Nxe4 30.Qe3 Nexc5
31.Ndc3 Rd4  0-1

[Event "Candidats (Women) Tournament"]
[Site "Shanghai"]
[Date "1992.??.??"]
[Round "13"]
[White "Gaprindashvili, Nona"]
[Black "Levitina, Irina S"]
[Result "1/2-1/2"]
[WhiteElo "2435"]
[BlackElo "2415"]

1.d4 d5 2.c4 dxc4 3.Nf3 Nf6 4.e3 e6 5.Bxc4 a6 6.Bb3 c5 7.O-O b5 8.a4 b4 9.Qe2 Bb7
10.Nbd2 cxd4 11.Nxd4 Be7 12.Nc4 Nbd7 13.Rd1 O-O 14.a5 Qc7 15.Bd2 Bd5 16.Rac1 Qb7
17.f3 Bc5 18.Be1 Qa7 19.Bf2 e5 20.Nf5 Be6 21.Ng3 e4 22.Nd2 exf3 23.gxf3 Rfe8
24.Ba4 Rac8 25.Nde4 Nxe4 26.Nxe4 Be7 27.Bc6 Red8 28.Nd6 Bxd6 29.Rxd6 Qc7
30.Bg3 Qxa5 31.Rcd1 Nf8 32.Kf2 Rxd6 33.Rxd6 b3 34.Be4 Bc4 35.Qd1 Be6 36.Qe2 Bc4
37.Qd1  1/2-1/2

[Event "Candidats (Women) Tournament"]
[Site "Shanghai"]
[Date "1992.??.??"]
[Round "18"]
[White "Gaprindashvili, Nona"]
[Black "Wang Pin"]
[Result "1-0"]
[WhiteElo "2435"]
[BlackElo "2345"]

1.d4 Nf6 2.c4 g6 3.Nc3 Bg7 4.e4 d6 5.Be2 O-O 6.Bg5 h6 7.Be3 Nbd7 8.f3 c5
9.d5 a6 10.a4 Nb8 11.Qc1 Kh7 12.Bd3 Nbd7 13.Be2 Ne5 14.f4 Neg4 15.Bd2 Nh5
16.Nf3 e5 17.dxe6 Bxe6 18.O-O f5 19.exf5 Bxf5 20.Re1 Bd7 21.Ne4 Bf5 22.Nc3 Bd7
23.Bd3 Bc6 24.Nd5 Bxd5 25.cxd5 c4 26.Bxg6+ Kxg6 27.Qc2+ Kf7 28.Qf5+ Nhf6
29.Bc3 Qc8 30.Qe6+ Qxe6 31.dxe6+ Kg8 32.h3 Nd5 33.Bxg7 Kxg7 34.hxg4 Nxf4
35.Nd4 Rfe8 36.Re4 Ng6 37.Nf5+ Kh7 38.Nxd6 Re7 39.Nf5 Rc7 40.Rd1 Ne7 41.Rd7 Rxd7
42.exd7 Nc6 43.Ne7 Rd8 44.Nd5 b5 45.Nb6 Kg7 46.Re6 Nb8 47.Kf2 bxa4 48.Re8 Nc6
49.Rxd8 Nxd8 50.Nxc4 Kf6 51.Ke3 Ke6 52.Nb6 a5 53.Ke4 Nc6 54.Kf4 Nd8 55.g5 hxg5+
56.Kxg5 Kd6 57.Kf6 Kc7 58.g4 Kxb6 59.g5 a3 60.bxa3 Kc7 61.g6  1-0

[Event "Kuala Lumpur"]
[Site "Kuala Lumpur"]
[Date "1994.??.??"]
[Round "3"]
[White "Gaprindashvili, Nona"]
[Black "Gufeld, Eduard"]
[Result "1-0"]
[WhiteElo "2365"]
[BlackElo "2475"]

1.d4 Nf6 2.c4 g6 3.Nc3 Bg7 4.e4 O-O 5.Be2 d6 6.Bg5 Na6 7.h4 c5 8.d5 e6 9.Qd2 exd5
10.exd5 Re8 11.Kf1 h5 12.Bd3 Nb4 13.Bb1 Qb6 14.Nge2 Bd7 15.a3 Na6 16.Bf4 Ng4
17.Ba2 Nc7 18.Ng3 f5 19.Nge2 Ne5 20.Rh3 Kh7 21.Rg3 Qa6 22.Kg1 Rg8 23.Rc1 Rae8
24.Nd1 b5 25.Ne3 Nxc4 26.Nxc4 bxc4 27.Bxc4 Bb5 28.b3 Bxc4 29.bxc4 Re4 30.Qd3 Bf6
31.Bg5 Bxg5 32.Rxg5 Rge8 33.Ng3 R4e5 34.Nxh5 Nxd5 35.f4 Re1+ 36.Rxe1 Rxe1+
37.Kf2  1-0

[Event "Kuala Lumpur"]
[Site "Kuala Lumpur"]
[Date "1994.??.??"]
[Round "6"]
[White "Gaprindashvili, Nona"]
[Black "Xie Jun"]
[Result "0-1"]
[WhiteElo "2365"]
[BlackElo "2515"]

1.d4 Nf6 2.c4 g6 3.Nc3 Bg7 4.e4 d6 5.Be2 O-O 6.Bg5 Na6 7.Qd2 e5 8.d5 c6 9.f3 cxd5
10.cxd5 Bd7 11.g4 Qe8 12.Nh3 Nc5 13.Nf2 a5 14.O-O b5 15.Rac1 Kh8 16.Be3 Ng8
17.Nd3 b4 18.Nd1 Nxd3 19.Bxd3 f5 20.Nf2 Qd8 21.exf5 gxf5 22.gxf5 Ne7 23.Bg5 Bxf5
24.Bxf5 Rxf5 25.Ne4 Qd7 26.Kh1 Raf8 27.Qd3 R5f7 28.Bxe7 Qxe7 29.Rc6 Rf4 30.Kg2 Rg8
31.Nxd6 e4 32.Nxe4 Be5+ 33.Ng3 Rd4 34.Qe3 Bxg3 35.Qxd4+ Be5+ 36.Qg4 Qh4 37.Qxg8+ Kxg8
38.Rg1 Kf7 39.Kf1 Qd4 40.Rc2 Qd3+  0-1